|
|
|
|
| LEADER |
00000nam a2200000Ii 4500 |
| 001 |
DIGEDUFV0043 |
| 003 |
NyNyDIG |
| 006 |
m o d |
| 007 |
cr ||||||||||| |
| 008 |
220614s2020 sp ob 000 0 spa d |
| 035 |
|
|
|a (OCoLC)1335130297
|
| 040 |
|
|
|a DGITA
|b eng
|e rda
|e pn
|c DGITA
|
| 020 |
|
|
|a 9788418360527
|q edición digital
|
| 020 |
|
|
|z 9788418360510
|q edición impresa
|
| 050 |
1 |
4 |
|a BX1749.T6 ebook
|
| 100 |
1 |
|
|a Cendejas Bueno, José Luis,
|e author.
|
| 245 |
1 |
0 |
|a Francisco de Vitoria sobre justicia, dominio y economía :
|b edición y contexto doctrinal de la cuestión "Sobre el hurto y la rapiña" /
|c José Luis Cendejas Bueno, María Alférez Sánchez.
|
| 250 |
|
|
|a Primera edición.
|
| 264 |
|
1 |
|a Madrid :
|b Universidad Francisco de Vitoria, UFV Madrid, Editorial,
|c 2020.
|
| 300 |
|
|
|a 1 online resource.
|
| 336 |
|
|
|a text
|b txt
|2 rdacontent
|
| 337 |
|
|
|a computer
|b c
|2 rdamedia
|
| 338 |
|
|
|a online resource
|b cr
|2 rdacarrier
|
| 347 |
|
|
|a text file
|2 rdaft
|
| 347 |
|
|
|b PDF
|
| 490 |
1 |
|
|a Colección Clásicos Francisco de Vitoria
|
| 504 |
|
|
|a Includes bibliographical references.
|
| 588 |
0 |
|
|a Online resource; title from PDF title page (Digitalia, viewed June 14, 2022)
|
| 600 |
1 |
0 |
|a Vitoria, Francisco de,
|d 1486?-1546.
|
| 600 |
0 |
0 |
|a Thomas,
|c Aquinas, Saint,
|d 1225?-1274.
|t Summa theologica.
|
| 650 |
|
0 |
|a Justice.
|
| 655 |
|
0 |
|a Electronic books.
|
| 700 |
1 |
|
|a Alférez Sánchez, María,
|e author.
|
| 791 |
2 |
|
|a Digitalia (Firm),
|e distributor.
|
| 793 |
0 |
|
|g Digitalia eBook Collection:
|a Editorial Universidad Francisco de Vitoria
|
| 776 |
0 |
8 |
|i Print version:
|a Cendejas Bueno, José Luis.
|t Francisco de Vitoria sobre justicia, dominio y economía.
|b Primera edición.
|d Madrid : Universidad Francisco de Vitoria, UFV Madrid, Editorial, 2020
|z 9788418360510
|
| 830 |
|
0 |
|a Colección Clásicos Francisco de Vitoria ;
|v 1.
|
| 856 |
4 |
0 |
|3 Digitalia Hispánica
|u https://www.digitaliapublishing.com/a/104117/
|
| 910 |
|
|
|a Premium collection: 2022
|